Nghệ thuật kinh doanh du lịch & quản lý nhà hàng - khách sạn : Quy định mới về công tác thanh tra, kiểm tra xử phạt vi phạm hành chính trong lĩnh vực du lịch - nhà hàng - khách sạn 2012

Trình bày nghiệp vụ tiếp tân, quản lý khách sạn nhà hàng, nghiệp vụ du lịch. Tiêu chuẩn Việt Nam về phân loại, xếp hạng cơ sở lưu trú du lịch, văn bản pháp luật mới nhất về du lịch.

Gardado en:
Detalles Bibliográficos
Formato: Libro
Idioma:Undetermined
Publicado: Hà Nội Lao động 2012
Những chủ đề:
Các nhãn: Engadir etiqueta
Sen Etiquetas, Sexa o primeiro en etiquetar este rexistro!
Thư viện lưu trữ: Trung tâm Học liệu Trường Đại học Cần Thơ
LEADER 01094nam a2200193Ia 4500
001 CTU_173959
008 210402s9999 xx 000 0 und d
020 |c 325000 
082 |a 338.4791 
082 |b Ngh250 
245 0 |a Nghệ thuật kinh doanh du lịch & quản lý nhà hàng - khách sạn : 
245 0 |b Quy định mới về công tác thanh tra, kiểm tra xử phạt vi phạm hành chính trong lĩnh vực du lịch - nhà hàng - khách sạn 2012 
245 0 |c Thùy Linh, Việt Trinh (sưu tầm và hệ thống hóa) 
260 |a Hà Nội 
260 |b Lao động 
260 |c 2012 
520 |a Trình bày nghiệp vụ tiếp tân, quản lý khách sạn nhà hàng, nghiệp vụ du lịch. Tiêu chuẩn Việt Nam về phân loại, xếp hạng cơ sở lưu trú du lịch, văn bản pháp luật mới nhất về du lịch. 
650 |a Tourism,Restaurant management,Ngành du lịch,Quản lý nhà hàng 
980 |a Trung tâm Học liệu Trường Đại học Cần Thơ